[Event "Caribbean op"]
[Site "Port of Spain"]
[Date "1999.01.13"]
[Round "2"]
[White "Alvarez Marquez, Johan"]
[Black "Nakamura, Hikaru"]
[Result "1-0"]
[WhiteElo "2200"]
[BlackElo "2182"]
[PlyCount "87"]
[EventDate "1999.01.??"]
[EventType "swiss"]
[EventRounds "9"]
[EventCountry "TRI"]
[SourceTitle "CBM 068 Extra"]
[Source "ChessBase"]
[SourceDate "1999.03.01"]
[SourceVersion "1"]
[SourceVersionDate "1999.03.01"]
[SourceQuality "1"]

1. d4 Nf6 2. c4 g6 3. Nc3 Bg7 4. Nf3 O-O 5. g3 d6 6. Bg2 Nc6 7. d5 Na5 8. Nd2
c5 9. O-O a6 10. Qc2 Rb8 11. b3 b5 12. Bb2 e5 13. Rab1 Nh5 14. Qd3 Bh6 15. Rfd1
f5 16. e3 Bd7 17. Ba1 Bg7 18. cxb5 e4 19. Qe2 Bxb5 20. Nxb5 Rxb5 21. Bxg7 Kxg7
22. Nc4 Rf7 23. Na3 Rb6 24. Qd2 Rb8 25. Bf1 Rc7 26. b4 Nb7 27. Qb2+ Qf6 28.
bxc5 dxc5 29. Qb6 Ra8 30. Qxc7+ Qf7 31. d6 Nf6 32. d7 Rd8 33. Bc4 Qe7 34. Rxb7
h5 35. Qd6 Kf8 36. Rb6 Qxd6 37. Rbxd6 Kg7 38. Re6 Rxd7 39. Rxd7+ Kh6 40. Rf7
Ng4 41. Rd6 Kg5 42. h3 Nh6 43. h4+ Kg4 44. Kg2 1-0

[Event "Caribbean op"]
[Site "Port of Spain"]
[Date "1999.01.14"]
[Round "4"]
[White "Sedgwick, David"]
[Black "Nakamura, Hikaru"]
[Result "0-1"]
[WhiteElo "2095"]
[BlackElo "2182"]
[PlyCount "116"]
[EventDate "1999.01.??"]
[EventType "swiss"]
[EventRounds "9"]
[EventCountry "TRI"]
[SourceTitle "CBM 068 Extra"]
[Source "ChessBase"]
[SourceDate "1999.03.01"]
[SourceVersion "1"]
[SourceVersionDate "1999.03.01"]
[SourceQuality "1"]

1. e4 c5 2. Bc4 Nc6 3. c3 g6 4. f4 Bg7 5. Nf3 d6 6. d4 cxd4 7. cxd4 Qb6 8. e5
dxe5 9. fxe5 Bg4 10. Bxf7+ Kxf7 11. Ng5+ Ke8 12. Qxg4 Nxd4 13. O-O Nh6 14. Qh3
Bxe5 15. Kh1 Nhf5 16. Nc3 Nc2 17. Rb1 Rd8 18. Bf4 Bxf4 19. Rxf4 Qe3 20. Qxe3
Nfxe3 21. Rf3 Rd2 22. Nge4 Rd4 23. Nc5 b6 24. Nb3 Rg4 25. Na1 Rf8 26. Nxc2 Nxc2
27. Rc1 Nd4 28. Rxf8+ Kxf8 29. Rf1+ Ke8 30. h3 Rg5 31. Rf4 Nc6 32. b4 Rf5 33.
Rh4 h5 34. b5 Rc5 35. Ne2 Rxb5 36. Rc4 Rc5 37. Re4 Re5 38. Rc4 Rxe2 39. Rxc6
Kf7 40. a4 Re4 41. a5 bxa5 42. Ra6 a4 43. Rxa7 Kf6 44. Kh2 Rb4 45. Kg3 Rb3+ 46.
Kf4 a3 47. g4 Rxh3 48. Ra6+ Kf7 49. gxh5 gxh5 50. Kg5 Ke8 51. Ra8+ Kd7 52. Ra7+
Kd6 53. Kf5 e6+ 54. Kg5 Kc5 55. Kf6 h4 56. Kxe6 Re3+ 57. Kf5 h3 58. Kf4 Rb3 0-1

[Event "Caribbean op"]
[Site "Port of Spain"]
[Date "1999.01.15"]
[Round "5"]
[White "Nakamura, Hikaru"]
[Black "Resende, Antonio Carlos"]
[Result "1/2-1/2"]
[WhiteElo "2182"]
[BlackElo "2365"]
[PlyCount "93"]
[EventDate "1999.01.??"]
[EventType "swiss"]
[EventRounds "9"]
[EventCountry "TRI"]
[SourceTitle "CBM 068 Extra"]
[Source "ChessBase"]
[SourceDate "1999.03.01"]
[SourceVersion "1"]
[SourceVersionDate "1999.03.01"]
[SourceQuality "1"]

1. d4 d6 2. e4 g6 3. Nc3 Bg7 4. f4 Nf6 5. Nf3 c5 6. Bb5+ Bd7 7. e5 Ng4 8. e6
Bxb5 9. exf7+ Kd7 10. Nxb5 Qa5+ 11. Nc3 cxd4 12. Nxd4 Bxd4 13. Qxd4 Nc6 14. Qc4
Qb6 15. Qe2 h5 16. Bd2 Raf8 17. h3 Nh6 18. O-O-O Nxf7 19. Nd5 Qa6 20. Qxa6 bxa6
21. Bc3 Rh7 22. Rhe1 Nfd8 23. Re4 Rhf7 24. Bd2 Rf5 25. Be3 a5 26. c4 Nb7 27. g3
R5f7 28. Nc3 Kc8 29. b3 Kb8 30. Nb5 Rf6 31. Nd4 Nxd4 32. Bxd4 R6f7 33. Rde1 Re8
34. Re6 h4 35. Rxg6 hxg3 36. Re4 Ref8 37. Rxg3 Rxf4 38. Rxf4 Rxf4 39. Be3 Rh4
40. Rg8+ Kc7 41. Rg7 Rxh3 42. Rxe7+ Kc6 43. Bxa7 Rh2 44. Kb1 Nc5 45. Bxc5 Kxc5
46. Re1 Kb4 47. Rd1 1/2-1/2

[Event "Caribbean op"]
[Site "Port of Spain"]
[Date "1999.01.16"]
[Round "7.5"]
[White "Nogueira, Ivan Kuhlmann"]
[Black "Nakamura, Hikaru"]
[Result "0-1"]
[WhiteElo "2292"]
[BlackElo "2182"]
[PlyCount "74"]
[EventDate "1999.01.??"]
[EventType "swiss"]
[EventRounds "9"]
[EventCountry "TRI"]
[SourceTitle "EXT 2002"]
[Source "ChessBase"]
[SourceDate "2001.11.25"]
[SourceVersion "1"]
[SourceVersionDate "2001.11.25"]
[SourceQuality "1"]

1. e4 c5 2. Nf3 d6 3. c3 Nf6 4. Be2 g6 5. O-O Bg7 6. Re1 O-O 7. Bf1 Nc6 8. Na3
b6 9. Nc2 e6 10. d4 d5 11. exd5 exd5 12. dxc5 bxc5 13. Be3 Qd6 14. Na3 Be6 15.
Qa4 Ne4 16. Rad1 Qc7 17. Bd3 c4 18. Bxe4 dxe4 19. Ng5 Ne5 20. Nxe4 Nd3 21. Re2
Be5 22. h3 f5 23. Ng5 Bd5 24. f4 Bxf4 25. Bxf4 Nxf4 26. Red2 Qe7 27. Nf3 Qe3+
28. Kh2 Bxf3 29. Qxc4+ Kh8 30. gxf3 Rad8 31. Nb1 Rxd2+ 32. Rxd2 Qxf3 33. Qd4+
Kg8 34. c4 Qxh3+ 35. Kg1 Re8 36. Qf2 Qg4+ 37. Kf1 Nh3 0-1

[Event "Caribbean op"]
[Site "Port of Spain"]
[Date "1999.01.17"]
[Round "8.3"]
[White "Nakamura, Hikaru"]
[Black "Urday Caceres, Henry"]
[Result "0-1"]
[WhiteElo "2182"]
[BlackElo "2486"]
[PlyCount "68"]
[EventDate "1999.01.??"]
[EventType "swiss"]
[EventRounds "9"]
[EventCountry "TRI"]
[SourceTitle "EXT 2002"]
[Source "ChessBase"]
[SourceDate "2001.11.25"]
[SourceVersion "1"]
[SourceVersionDate "2001.11.25"]
[SourceQuality "1"]

1. d4 Nf6 2. Bg5 c5 3. d5 Ne4 4. Bf4 Qb6 5. Bc1 g6 6. f3 Nd6 7. c3 Bg7 8. Nh3
O-O 9. Nf2 e6 10. g4 f5 11. h4 h6 12. g5 h5 13. e3 Na6 14. Na3 Nc7 15. Nc4 Nxc4
16. Bxc4 Kh7 17. dxe6 dxe6 18. e4 Qc6 19. a4 b6 20. Qe2 Bd7 21. Bd3 Rad8 22.
O-O Qd6 23. Kg2 Be5 24. Rd1 Bh2 25. Nh1 fxe4 26. fxe4 Qe5 27. Kh3 Bf4 28. Bxf4
Rxf4 29. Ng3 Rg4 30. Qf3 Rf8 31. Qe3 Nd5 32. Qe1 Rf3 33. Kg2 Rfxg3+ 34. Kf2
Qf4+ 0-1

[Event "Caribbean op"]
[Site "Port of Spain"]
[Date "1999.01.18"]
[Round "9.7"]
[White "Reuben, Stewart"]
[Black "Nakamura, Hikaru"]
[Result "1/2-1/2"]
[WhiteElo "2225"]
[BlackElo "2182"]
[PlyCount "164"]
[EventDate "1999.01.??"]
[EventType "swiss"]
[EventRounds "9"]
[EventCountry "TRI"]
[SourceTitle "EXT 2002"]
[Source "ChessBase"]
[SourceDate "2001.11.25"]
[SourceVersion "1"]
[SourceVersionDate "2001.11.25"]
[SourceQuality "1"]

1. c4 e5 2. g3 f5 3. Bg2 Nc6 4. Nc3 Nf6 5. e3 d6 6. Nge2 g6 7. d3 Bg7 8. O-O
O-O 9. Rb1 a5 10. a3 Be6 11. Nd5 Rc8 12. Nec3 Qe8 13. Bd2 g5 14. b4 axb4 15.
axb4 Kh8 16. b5 Nd8 17. Nxf6 Bxf6 18. Nd5 Bg7 19. b6 c6 20. Nc7 Qg6 21. Nxe6
Nxe6 22. Bb4 Rcd8 23. Ra1 Rf7 24. Ra7 Rfd7 25. Qe2 h6 26. g4 fxg4 27. Be4 Qf6
28. Qxg4 Rf7 29. Qh5 Rfd7 30. Qg6 Kg8 31. Qxf6 Bxf6 32. Rb1 Rc8 33. Rba1 Kf7
34. Bxd6 Rxd6 35. Rxb7+ Be7 36. Raa7 Re8 37. Bf3 Ng7 38. c5 Rf6 39. Rxe7+ Rxe7
40. b7 Rxb7 41. Rxb7+ Kf8 42. Be4 Ne6 43. Rb8+ Kg7 44. Bxc6 Nxc5 45. Be4 Kf7
46. Bd5+ Ke7 47. Bc4 Rd6 48. Rb5 Nd7 49. Kg2 Kf6 50. Kf3 Rc6 51. Bd5 Rd6 52.
Ke4 Ra6 53. d4 exd4 54. exd4 Kg6 55. Bb3 Rf6 56. f3 h5 57. Rb7 Rd6 58. Rc7 Kf6
59. d5 Ne5 60. Rh7 Rb6 61. Rh6+ Ng6 62. Bc4 h4 63. Kd4 Kg7 64. Rh5 Rf6 65. Rxg5
Kh6 66. Rg4 Rxf3 67. d6 Nf8 68. Rxh4+ Kg7 69. Bd5 Rf6 70. Rg4+ Rg6 71. h3 Kh6
72. Rxg6+ Kxg6 73. Bc6 Kf5 74. Kd5 Kf6 75. Bb5 Kf5 76. Be2 Kg5 77. Bg4 Kf6 78.
Bc8 Ng6 79. d7 Ke7 80. Ke4 Nf8 81. Kf5 Nxd7 82. Bxd7 Kf7 1/2-1/2

[Event "Eastern Class-ch 8th"]
[Site "Woburn"]
[Date "1999.??.??"]
[Round "4"]
[White "Hahn, Anna"]
[Black "Nakamura, Hikaru"]
[Result "1-0"]
[WhiteElo "2260"]
[BlackElo "2260"]
[PlyCount "81"]
[EventDate "1999.03.??"]
[EventType "swiss"]
[EventRounds "5"]
[EventCountry "USA"]
[SourceTitle "EXT 2003"]
[Source "ChessBase"]
[SourceDate "2002.11.25"]
[SourceVersion "1"]
[SourceVersionDate "2002.11.25"]
[SourceQuality "1"]

1. d4 Nf6 2. c4 g6 3. Nc3 Bg7 4. e4 d6 5. Nf3 O-O 6. Be2 e5 7. O-O Nc6 8. d5
Ne7 9. b4 a5 10. Ba3 Nd7 11. bxa5 Rxa5 12. Bb4 Ra8 13. a4 Bh6 14. Nd2 f5 15. a5
Nf6 16. c5 Bxd2 17. Qxd2 Nxe4 18. Nxe4 fxe4 19. cxd6 cxd6 20. Qe3 Nf5 21. Qxe4
Nd4 22. Bd1 Bf5 23. Qe3 b6 24. a6 Bc8 25. Qd3 b5 26. Bc3 Qb6 27. Bxd4 exd4 28.
Be2 Bxa6 29. Rfd1 Bb7 30. Rab1 Bxd5 31. Rxb5 Qc6 32. Qxd4 Bxg2 33. Bc4+ d5 34.
Rxd5 Bxd5 35. Bxd5+ Qxd5 36. Qxd5+ Kg7 37. Qb7+ Kh6 38. Rd3 Ra5 39. Qb4 Rg5+
40. Kf1 Rf7 41. Qd2 1-0

[Event "Eastern Class-chB 8th"]
[Site "Woburn"]
[Date "1999.03.06"]
[Round "3"]
[White "Nakamura, Hikaru"]
[Black "Fang, Joseph"]
[Result "0-1"]
[WhiteElo "2182"]
[BlackElo "2366"]
[PlyCount "42"]
[EventDate "1999.03.??"]
[EventType "swiss"]
[EventRounds "5"]
[EventCountry "USA"]
[SourceTitle "EXT 2001"]
[Source "ChessBase"]
[SourceDate "2000.11.22"]
[SourceVersion "1"]
[SourceVersionDate "2000.11.22"]
[SourceQuality "1"]

1. e4 g6 2. d4 Bg7 3. Nc3 c5 4. Nf3 cxd4 5. Nxd4 Nc6 6. Be3 Nf6 7. Be2 O-O 8.
f4 d6 9. O-O Qb6 10. Qd3 Qxb2 11. a3 Nxe4 12. Na4 Qxd4 13. Bxd4 Bxd4+ 14. Kh1
Bf5 15. Qb3 Bxa1 16. Rxa1 Nd4 17. Qc4 Nxc2 18. Rc1 Rac8 19. Qa2 Nb4 20. Qa1
Rxc1+ 21. Qxc1 Rc8 0-1

[Event "World op 27th"]
[Site "Philadelphia"]
[Date "1999.06.30"]
[Round "4"]
[White "David, Alberto"]
[Black "Nakamura, Hikaru"]
[Result "1-0"]
[WhiteElo "2530"]
[BlackElo "2182"]
[PlyCount "49"]
[EventDate "1999.06.27"]
[EventType "swiss"]
[EventRounds "9"]
[EventCountry "USA"]
[SourceTitle "EXT 2000"]
[Source "ChessBase"]
[SourceDate "1999.11.16"]
[SourceVersion "1"]
[SourceVersionDate "1999.11.16"]
[SourceQuality "1"]

1. e4 c5 2. Nf3 d6 3. d4 cxd4 4. Nxd4 Nf6 5. Nc3 a6 6. Be2 e5 7. Nb3 Be7 8. O-O
O-O 9. Kh1 Be6 10. f4 exf4 11. Bxf4 Nc6 12. Qe1 Ne5 13. Rd1 Qc7 14. Qg3 Kh8 15.
Nd4 b5 16. a3 Rac8 17. Bg5 Ned7 18. Qh4 Rce8 19. Bd3 h6 20. e5 dxe5 21. Bxh6 e4
22. Nxe4 Nh7 23. Ng5 Ndf6 24. Bxg7+ Kg8 25. Bxh7+ 1-0

[Event "US op 100th"]
[Site "Reno"]
[Date "1999.??.??"]
[Round "?"]
[White "Hoffman, Alejandro"]
[Black "Nakamura, Hikaru"]
[Result "0-1"]
[WhiteElo "2547"]
[BlackElo "2182"]
[PlyCount "70"]
[EventDate "1999.08.10"]
[EventType "swiss"]
[EventRounds "9"]
[EventCountry "USA"]
[SourceTitle "EXT 2003"]
[Source "ChessBase"]
[SourceDate "2002.11.25"]
[SourceVersion "1"]
[SourceVersionDate "2002.11.25"]
[SourceQuality "1"]

1. d4 Nf6 2. c4 g6 3. Nc3 Bg7 4. Nf3 O-O 5. Bf4 d6 6. h3 c5 7. d5 a6 8. a4 Nh5
9. Bd2 f5 10. e3 e5 11. dxe6 Bxe6 12. Be2 Nc6 13. O-O f4 14. Nd5 Bh6 15. Ra3
Bxd5 16. cxd5 Ne7 17. e4 Nf6 18. Qb1 g5 19. a5 Ng6 20. b4 cxb4 21. Bxb4 Qe7 22.
Bd3 g4 23. Nd4 Nh4 24. hxg4 Nxg4 25. Ne6 Nf3+ 26. gxf3 Qh4 27. fxg4 Qxg4+ 28.
Kh2 Qh4+ 29. Kg1 Qg4+ 30. Kh2 Qh4+ 31. Kg1 Kf7 32. Bc3 b5 33. Bg7 Qg4+ 34. Kh2
f3 35. Rg1 Qh4# 0-1

[Event "Manhattan CC-ch"]
[Site "New York"]
[Date "1999.09.25"]
[Round "3"]
[White "Schneider, Dmitry"]
[Black "Nakamura, Hikaru"]
[Result "0-1"]
[WhiteElo "2358"]
[BlackElo "2204"]
[PlyCount "106"]
[EventDate "1999.09.24"]
[EventType "swiss"]
[EventRounds "5"]
[EventCountry "USA"]
[SourceTitle "EXT 2000"]
[Source "ChessBase"]
[SourceDate "1999.11.16"]
[SourceVersion "1"]
[SourceVersionDate "1999.11.16"]
[SourceQuality "1"]

1. e4 c5 2. Nf3 d6 3. d4 cxd4 4. Nxd4 Nf6 5. Nc3 a6 6. h3 e6 7. g4 d5 8. Bg2
Bb4 9. exd5 Nxd5 10. Qd3 Qc7 11. Nde2 Nxc3 12. bxc3 Bd6 13. O-O O-O 14. Rd1 Be7
15. Qe4 Nc6 16. Be3 e5 17. Rab1 Be6 18. Bb6 Qc8 19. Qa4 h5 20. gxh5 Bxh3 21.
Rd3 Bf5 22. Rg3 Kh8 23. Be4 Bxe4 24. Qxe4 f5 25. Qg2 Bf6 26. Rg6 Ne7 27. Ba5
Qc4 28. Ng3 Nxg6 29. hxg6 Qg4 30. Nxf5 Qxg2+ 31. Kxg2 Bd8 32. Bxd8 Rxf5 33. Be7
b5 34. Rd1 Re8 35. Rd7 e4 36. Bh4 Rfe5 37. Kg3 R5e6 38. Kf4 Rxg6 39. Ke3 Rc6
40. Kd2 Rec8 41. Ra7 Rxc3 42. Rxa6 Rxc2+ 43. Ke3 R2c3+ 44. Ke2 b4 45. Be7 Rc2+
46. Kf1 Rb2 47. Bg5 Rcc2 48. Be3 Rxa2 49. Rb6 Rc4 50. Kg2 Rc3 51. Bd4 Rd3 52.
Rd6 Rad2 53. Rh6+ Kg8 0-1

[Event "New Hampshire op 50th"]
[Site "New Hampshire"]
[Date "2000.??.??"]
[Round "2"]
[White "Foygel, Igor"]
[Black "Nakamura, Hikaru"]
[Result "1-0"]
[WhiteElo "2520"]
[BlackElo "2330"]
[PlyCount "123"]
[EventDate "2000.??.??"]
[EventType "swiss"]
[EventRounds "4"]
[EventCountry "USA"]
[SourceTitle "EXT 2003"]
[Source "ChessBase"]
[SourceDate "2002.11.25"]
[SourceVersion "1"]
[SourceVersionDate "2002.11.25"]
[SourceQuality "1"]

1. d4 Nf6 2. Nf3 g6 3. c4 Bg7 4. Nc3 d5 5. Bg5 Ne4 6. cxd5 Nxg5 7. Nxg5 e6 8.
Nf3 exd5 9. b4 O-O 10. e3 Be6 11. Qb3 Nd7 12. Na4 c6 13. Rc1 Qe7 14. Be2 b5 15.
Nc5 Nb6 16. O-O a5 17. a3 Bg4 18. Rfe1 axb4 19. axb4 {(D)} Nc4 20. Ra1 Bxf3 21.
Bxf3 Nd2 22. Qc2 Nxf3+ 23. gxf3 Qg5+ 24. Kh1 Qh5 25. Qe2 Rfe8 26. Rxa8 Rxa8 27.
f4 Qh4 28. Rc1 Qe7 29. Qg4 f5 30. Qd1 Ra2 31. Rc2 Ra3 32. Qc1 Qa7 33. Kg2 Ra2
34. Ne6 Rxc2 35. Qxc2 Qd7 36. Nc5 Qa7 37. Nd3 Qe7 38. Kf1 Qe4 39. Ke2 Qe6 40.
Qc5 Qd7 41. Qb6 Qe8 42. Kd2 Qa8 43. Qa5 Qc8 44. Qa7 Qd8 45. Qb7 Qd6 46. Qc8+
Kf7 47. Ke2 h6 {(D)} 48. Nc5 Bf6 49. Kf3 h5 50. h3 Kg7 51. Qe8 Be7 52. Kg2 h4
53. Kf1 Bf6 54. Ne6+ Kh6 55. Qg8 Qe7 56. Ng5 Qg7 57. Nf7+ Kh5 58. Qe8 Qh7 59.
Kg2 Qg7 60. Qe6 Bxd4 61. exd4 Qxd4 62. Qe2# 1-0

[Event "New Hampshire op 50th"]
[Site "New Hampshire"]
[Date "2000.??.??"]
[Round "3"]
[White "Nakamura, Hikaru"]
[Black "Friedel, Joshua E"]
[Result "1-0"]
[WhiteElo "2330"]
[BlackElo "2150"]
[PlyCount "133"]
[EventDate "2000.??.??"]
[EventType "swiss"]
[EventRounds "4"]
[EventCountry "USA"]
[SourceTitle "EXT 2003"]
[Source "ChessBase"]
[SourceDate "2002.11.25"]
[SourceVersion "1"]
[SourceVersionDate "2002.11.25"]
[SourceQuality "1"]

1. e4 e5 2. Nf3 Nc6 3. d4 exd4 4. Nxd4 Bc5 5. Be3 Qf6 6. Nxc6 Bxe3 7. fxe3 dxc6
8. Nc3 Be6 9. Qd4 Rd8 10. Qxa7 Nh6 11. Bd3 O-O 12. O-O-O Ng4 13. Rhe1 Qg5 14.
Kb1 Ra8 15. Qxb7 Nxe3 16. Qxc6 Nxd1 17. Rxd1 Qe5 18. g3 Rab8 19. Na4 Rfd8 20.
b3 Bd7 21. Qc5 Qe8 22. Nc3 Bc6 23. Rf1 f6 24. e5 fxe5 25. Qc4+ Kh8 26. Qh4 h6
27. Qg4 Rd4 28. Qf5 e4 29. Qc5 Rbd8 30. Bc4 Rd2 31. Bf7 Qd7 32. Bg6 Qd6 33. Qh5
Rxc2 34. Nxe4 Qd3 35. Nd2 Rc5+ 36. Bxd3 Rxh5 37. Bg6 Rg5 38. Bc2 Bb5 39. Rf3
Be2 40. Re3 Bb5 41. Nf3 Rh5 42. h4 Re8 43. Rc3 Re7 44. a4 Be8 45. g4 Rd5 46. h5
c5 47. b4 Bd7 48. Rc4 Rf7 49. Nh4 Rf1+ 50. Kb2 Rd4 51. Ng6+ Kg8 52. Bb3 Kh7 53.
Rxd4 cxd4 54. Ne5 Bc8 55. b5 Rf2+ 56. Bc2+ Kg8 57. b6 Ba6 58. Kb3 Re2 59. Nd3
Re6 60. a5 Rc6 61. Nb4 Rc3+ 62. Kb2 Bc8 63. Nd5 Rc5 64. Ne7+ Kf7 65. Nxc8 Rxa5
66. Nd6+ Ke6 67. b7 1-0

[Event "Elekes Memorial IM"]
[Site "Budapest"]
[Date "2000.05.22"]
[Round "1"]
[White "Nakamura, Hikaru"]
[Black "Senff, Martin"]
[Result "1/2-1/2"]
[WhiteElo "2261"]
[BlackElo "2349"]
[PlyCount "51"]
[EventDate "2000.05.??"]
[EventType "tourn"]
[EventRounds "11"]
[EventCountry "HUN"]
[EventCategory "4"]
[SourceTitle "EXT 2002"]
[Source "ChessBase"]
[SourceDate "2001.11.25"]
[SourceVersion "1"]
[SourceVersionDate "2001.11.25"]
[SourceQuality "1"]

1. e4 e6 2. d4 d5 3. Nc3 Nf6 4. Bg5 Bb4 5. e5 h6 6. Bd2 Bxc3 7. bxc3 Ne4 8. Qg4
g6 9. Bd3 Nxd2 10. Kxd2 c5 11. Nf3 Bd7 12. h4 Bc6 13. Bxg6 fxg6 14. Qxe6+ Qe7
15. Qc8+ Qd8 16. Qe6+ Qe7 17. Qc8+ Qd8 18. Qe6+ Qe7 19. Qxg6+ Qf7 20. Qg4 Rg8
21. Qc8+ Ke7 22. Qc7+ Ke8 23. Qc8+ Ke7 24. Qc7+ Ke8 25. Qc8+ Ke7 26. Qc7+
1/2-1/2

[Event "Elekes Memorial IM"]
[Site "Budapest"]
[Date "2000.05.23"]
[Round "2"]
[White "Szabo, Zsolt"]
[Black "Nakamura, Hikaru"]
[Result "0-1"]
[WhiteElo "2393"]
[BlackElo "2261"]
[PlyCount "65"]
[EventDate "2000.05.??"]
[EventType "tourn"]
[EventRounds "11"]
[EventCountry "HUN"]
[EventCategory "4"]
[SourceTitle "EXT 2002"]
[Source "ChessBase"]
[SourceDate "2001.11.25"]
[SourceVersion "1"]
[SourceVersionDate "2001.11.25"]
[SourceQuality "1"]

1. d4 Nf6 2. c4 g6 3. Nc3 Bg7 4. Bg5 d5 5. Bxf6 Bxf6 6. cxd5 c6 7. dxc6 Bxd4 8.
cxb7 Bxb7 9. Rc1 O-O 10. e3 Bxc3+ 11. Rxc3 Qa5 12. a3 Na6 13. Nf3 Rac8 14. Qc2
Rxc3 15. Qxc3 Qf5 16. Qd3 Be4 17. Nd4 Qa5+ 18. Qd2 Qb6 19. f3 Bb7 20. Bc4 Rd8
21. Qc3 Nc5 22. b4 e5 23. Ne2 Nd7 24. Qb3 Qf6 25. O-O Nb6 26. f4 Nxc4 27. Qxc4
Qa6 28. b5 Qxa3 29. fxe5 Qxe3+ 30. Kh1 Bd5 31. Qh4 Bxg2+ 32. Kxg2 Qxe2+ 33. Rf2
0-1

[Event "Elekes Memorial IM"]
[Site "Budapest"]
[Date "2000.05.24"]
[Round "3"]
[White "Nakamura, Hikaru"]
[Black "Nemeth, Zoltan"]
[Result "1-0"]
[WhiteElo "2261"]
[BlackElo "2379"]
[PlyCount "95"]
[EventDate "2000.05.??"]
[EventType "tourn"]
[EventRounds "11"]
[EventCountry "HUN"]
[EventCategory "4"]
[SourceTitle "EXT 2002"]
[Source "ChessBase"]
[SourceDate "2001.11.25"]
[SourceVersion "1"]
[SourceVersionDate "2001.11.25"]
[SourceQuality "1"]

1. e4 c5 2. Nf3 e6 3. d4 cxd4 4. Nxd4 a6 5. c4 Nf6 6. Nc3 Bb4 7. f3 O-O 8. Be3
Qc7 9. Rc1 Be7 10. Be2 d6 11. O-O b6 12. f4 Bb7 13. Bf3 Nbd7 14. Qe2 Rac8 15.
b3 Rfe8 16. g4 Nc5 17. Bf2 e5 18. fxe5 dxe5 19. Nf5 Ne6 20. Nxe7+ Rxe7 21. Qd2
Nf4 22. Nd5 N6xd5 23. cxd5 Qd6 24. Rxc8+ Bxc8 25. Rc1 Bb7 26. Be3 g5 27. Rc4 a5
28. b4 Rc7 29. Rxc7 Qxc7 30. b5 Qd6 31. Qc3 Kf8 32. Kf1 h6 33. Ke1 Ke7 34. Kd2
Kd8 35. Kc2 Ng6 36. Kb2 Ne7 37. Bf2 Bc8 38. Qa3 Qxa3+ 39. Kxa3 Kc7 40. d6+ Kxd6
41. Bxb6 Ng8 42. Bxa5 Kc5 43. Bc3 Nf6 44. h3 h5 45. gxh5 Bxh3 46. Bxe5 g4 47.
Bxf6 gxf3 48. Bh4 1-0

[Event "Elekes Memorial IM"]
[Site "Budapest"]
[Date "2000.05.25"]
[Round "4"]
[White "Goldenberg, Danny"]
[Black "Nakamura, Hikaru"]
[Result "1-0"]
[WhiteElo "2244"]
[BlackElo "2261"]
[PlyCount "83"]
[EventDate "2000.05.??"]
[EventType "tourn"]
[EventRounds "11"]
[EventCountry "HUN"]
[EventCategory "4"]
[SourceTitle "EXT 2002"]
[Source "ChessBase"]
[SourceDate "2001.11.25"]
[SourceVersion "1"]
[SourceVersionDate "2001.11.25"]
[SourceQuality "1"]

1. e4 c5 2. Nf3 d6 3. d4 cxd4 4. Nxd4 Nf6 5. Nc3 a6 6. Bg5 e6 7. Qd2 Be7 8.
O-O-O Qc7 9. f4 Nbd7 10. Bd3 b5 11. a3 O-O 12. Kb1 Rb8 13. Nb3 h6 14. h4 Re8
15. Rde1 Nb6 16. e5 dxe5 17. fxe5 Nfd5 18. Nxd5 Nxd5 19. Bxh6 gxh6 20. Qxh6 f5
21. Rh3 Bf8 22. Qg6+ Qg7 23. Qxe8 Nc7 24. Qd8 Ra8 25. g4 f4 26. h5 Bb7 27. Qd4
Bg2 28. Rh2 f3 29. g5 Qxg5 30. Rh4 Kh8 31. Rg4 Qe7 32. Rg6 Nd5 33. Re4 Qa7 34.
Reg4 Ne7 35. Qxa7 Rxa7 36. Rf6 Ra8 37. Nd4 Nf5 38. Nxf5 exf5 39. Bxf5 f2 40.
Bd3 Bd5 41. Rxf2 Bg7 42. Be4 1-0

[Event "Elekes Memorial IM"]
[Site "Budapest"]
[Date "2000.05.26"]
[Round "5"]
[White "Nakamura, Hikaru"]
[Black "Khechumyan, Gagik"]
[Result "1-0"]
[WhiteElo "2261"]
[BlackElo "2236"]
[PlyCount "81"]
[EventDate "2000.05.??"]
[EventType "tourn"]
[EventRounds "11"]
[EventCountry "HUN"]
[EventCategory "4"]
[SourceTitle "EXT 2002"]
[Source "ChessBase"]
[SourceDate "2001.11.25"]
[SourceVersion "1"]
[SourceVersionDate "2001.11.25"]
[SourceQuality "1"]

1. e4 c5 2. Nf3 Nc6 3. d4 cxd4 4. Nxd4 e5 5. Nb5 a6 6. Nd6+ Bxd6 7. Qxd6 Qe7 8.
Qd1 Nf6 9. Nc3 h6 10. Bd3 O-O 11. O-O d5 12. exd5 Nb4 13. d6 Qe6 14. Be3 b5 15.
Be4 Nxe4 16. Nxe4 Qg6 17. f3 Be6 18. Qd2 Nd5 19. Rad1 Rfd8 20. Bc5 Rac8 21. b4
Nf4 22. a3 Rc6 23. Rfe1 Bc4 24. Kh1 Kh8 25. Ng3 f6 26. Qf2 Ne6 27. Ne4 Nxc5 28.
bxc5 Qf7 29. f4 f5 30. Qh4 Qf8 31. Nd2 Rxc5 32. fxe5 Be6 33. Nb3 Rc4 34. Qe7
Qxe7 35. dxe7 Re8 36. Rd8 Bf7 37. Nd4 Rc8 38. Rxc8 Rxc8 39. Nxf5 Re8 40. Rd1 g6
41. e6 1-0

[Event "Elekes Memorial IM"]
[Site "Budapest"]
[Date "2000.05.27"]
[Round "6"]
[White "Balogh, Csaba"]
[Black "Nakamura, Hikaru"]
[Result "0-1"]
[WhiteElo "2356"]
[BlackElo "2261"]
[PlyCount "243"]
[EventDate "2000.05.??"]
[EventType "tourn"]
[EventRounds "11"]
[EventCountry "HUN"]
[EventCategory "4"]
[SourceTitle "EXT 2002"]
[Source "ChessBase"]
[SourceDate "2001.11.25"]
[SourceVersion "1"]
[SourceVersionDate "2001.11.25"]
[SourceQuality "1"]

1. e4 c5 2. Nc3 Nf6 3. Nf3 Nc6 4. Bb5 Nd4 5. e5 Nxb5 6. Nxb5 Nd5 7. c4 Nc7 8.
Nxc7+ Qxc7 9. d4 cxd4 10. Qxd4 b6 11. Ng5 Bb7 12. Ne4 Bxe4 13. Qxe4 Rc8 14. b3
g6 15. O-O Bg7 16. Re1 O-O 17. Ba3 Rfe8 18. Rad1 Rcd8 19. f4 Qc8 20. Qd5 Bf8
21. Qf3 d6 22. Bb2 dxe5 23. Bxe5 Qf5 24. h3 f6 25. Bc3 Qc2 26. Bb4 Rxd1 27.
Qxd1 Qf5 28. Qd5+ Qxd5 29. cxd5 a5 30. Ba3 Kf7 31. Re6 Rb8 32. Rc6 b5 33. Ra6
b4 34. Bb2 Rb5 35. Kf2 Rxd5 36. Ke2 Bh6 37. g3 g5 38. Bc1 Rc5 39. Bd2 gxf4 40.
gxf4 Rc2 41. Kd3 Rxa2 42. Bxb4 Rh2 43. Bd2 Rxh3+ 44. Ke4 Rxb3 45. Rxa5 e6 46.
Be3 Kg6 47. Ra6 f5+ 48. Kf3 Kf6 49. Kf2 Rb4 50. Kf3 Bf8 51. Ra8 Be7 52. Rh8 Kg7
53. Ra8 Rb7 54. Kg3 h5 55. Bd4+ Kf7 56. Rh8 h4+ 57. Kg2 Rb3 58. Rh7+ Kf8 59.
Rh8+ Kf7 60. Rh7+ Ke8 61. Bf2 Bd6 62. Rxh4 Kd7 63. Bg3 Rb8 64. Rh6 Rb2+ 65. Kf3
Rb3+ 66. Kg2 Re3 67. Rh1 Rd3 68. Re1 Bc5 69. Re2 Kd6 70. Bh2 Bd4 71. Bg3 Kd5
72. Bf2 Bc3 73. Be1 Bg7 74. Bf2 e5 75. fxe5 f4 76. Ra2 Bxe5 77. Be1 Ke4 78.
Ra4+ Kf5 79. Ra5 f3+ 80. Kf1 Kf4 81. Rxe5 Kxe5 82. Kf2 Ke4 83. Ba5 Ra3 84. Bb6
Ra2+ 85. Kf1 Rc2 86. Ba7 Rb2 87. Bc5 Kf4 88. Bd6+ Kg4 89. Bc5 Rd2 90. Bb6 Rd7
91. Kf2 Kf4 92. Be3+ Ke4 93. Bb6 Rd2+ 94. Kf1 Rb2 95. Bc5 Rb5 96. Ba7 Kf4 97.
Bd4 Kg3 98. Bf2+ Kf4 99. Bd4 Ke4 100. Ba7 Ra5 101. Bb6 Ra6 102. Bc5 Kd5 103.
Be3 Rc6 104. Kf2 Ke4 105. Ba7 Rg6 106. Bc5 Rg2+ 107. Kf1 Rb2 108. Ba7 Kf4 109.
Bc5 Kg4 110. Bd4 Rd2 111. Bb6 Kh3 112. Ba7 Rc2 113. Bd4 Kg3 114. Be5+ Kg4 115.
Bd4 Kf4 116. Ba7 Rd2 117. Bc5 Rc2 118. Bb6 Rb2 119. Bc5 Rb5 120. Bd4 Rh5 121.
Kf2 Rh2+ 122. Kf1 0-1